[Event "Moscow Open F Women"]
[Site "Moscow RUS"]
[Date "2011.02.04"]
[Round "7.30"]
[White "Bauyrzhan, Arnash"]
[Black "Markelova, Lubov"]
[Result "0-1"]
[WhiteElo "1900"]
[BlackElo "2076"]
[WhiteFideId "13706322"]
[BlackFideId "24131369"]
[EventDate "2011.01.29"]

1. e4 c5 2. Nf3 Nc6 3. d4 cxd4 4. Nxd4 Qb6 5. Nb3 Nf6 6. Nc3 e6 7. Be3 Qc7 8.
Bd3 a6 9. O-O b5 10. a3 Be7 11. f4 d6 12. Kh1 Bb7 13. Be2 O-O 14. Bf3 Rfd8 15.
Qe2 b4 16. Na4 Nd7 17. Qf2 bxa3 18. bxa3 Rab8 19. Rab1 Na5 20. Nxa5 Qxa5 21. Nb6
Nf6 22. e5 Ne4 23. Bxe4 Bxe4 24. Rb3 d5 25. Qe2 d4 26. Bd2 d3 27. Qxe4 Qxd2 28.
cxd3 Qc2 29. Qc4 Qxc4 30. dxc4 Bc5 31. Rfb1 Bxb6 32. c5 Bc7 33. Kg1 Kf8 34. Rxb8
Rxb8 35. Rxb8+ Bxb8 36. Kf1 Ba7 37. c6 Ke8 38. Ke2 Kd8 39. Kd3 Kc7 40. g4 Kxc6
41. Ke4 Bc5 42. a4 Bg1 43. h4 Kc5 44. f5 Kb4 45. g5 g6 0-1

[Event "Moscow Open F Women"]
[Site "Moscow RUS"]
[Date "2011.02.04"]
[Round "7.31"]
[White "Budueva, Kristina"]
[Black "Frolova, Ekaterina"]
[Result "1-0"]
[WhiteElo "1889"]
[BlackElo "2067"]
[WhiteFideId "24152749"]
[BlackFideId "4159420"]
[EventDate "2011.01.29"]

1. e4 c5 2. Nc3 d6 3. g3 Nc6 4. Bg2 g6 5. d3 Bg7 6. Nge2 e6 7. O-O Nge7 8. Bg5
Rb8 9. Qd2 O-O 10. Bh6 e5 11. Bxg7 Kxg7 12. Nd1 b5 13. a3 Nd4 14. Nxd4 cxd4 15.
c3 Nc6 16. f4 f6 17. h4 h6 18. Qe2 Bd7 19. Kh2 Qe7 20. Bh3 f5 21. exf5 Bxf5 22.
Bxf5 Rxf5 23. Rc1 Rbf8 24. Nf2 dxc3 25. Rxc3 Nd4 26. Qe4 d5 27. Qe3 Ne6 28. Rc6
Nd8 29. Rc2 h5 30. Rfc1 Ne6 31. Rc6 R8f6 32. Nh3 d4 33. Qe4 Kh6 34. Ng5 Nf8 35.
Rc7 Qd8 36. Qb7 Rf7 37. Rxf7 Rxf7 38. Nxf7+ 1-0

[Event "Moscow Open F Women"]
[Site "Moscow RUS"]
[Date "2011.02.04"]
[Round "7.32"]
[White "Paramzina, Anastasya"]
[Black "Maslova, Elena"]
[Result "1-0"]
[WhiteElo "1860"]
[BlackElo "2065"]
[WhiteFideId "4165012"]
[BlackFideId "24102385"]
[EventDate "2011.01.29"]

1. e4 e5 2. Nf3 d5 3. exd5 e4 4. Qe2 Nf6 5. d3 Qxd5 6. Nbd2 Nc6 7. dxe4 Qh5 8.
Qb5 Bc5 9. Nb3 Nxe4 10. Be3 Bb4+ 11. c3 Qxb5 12. Bxb5 Bd6 13. Na5 Bd7 14. Nxb7
O-O 15. O-O-O Rfb8 16. Nxd6 Nxd6 17. Ba4 Ne5 18. Bxd7 Nxd7 19. Bf4 Rb6 20. Rd4
Nc5 21. Bxd6 cxd6 22. Rhd1 Rd8 23. Ne5 Ne6 24. R4d2 Ra6 25. Kb1 Kf8 26. Nc4 Ke7
27. Ne3 g6 28. h3 Rc8 29. Nd5+ Kd7 30. f4 Rc4 31. g3 h5 32. Ne3 Re4 33. Nd5 Rc4
34. Rf2 h4 35. gxh4 Ng7 36. Re1 Nf5 37. h5 gxh5 38. Nf6+ Kc7 39. Nxh5 Rb6 40.
Nf6 Rb5 41. Re4 Rxe4 42. Nxe4 Rb8 43. Ng5 Rf8 44. Rh2 Nh4 45. Rd2 Kc6 46. Ne4 d5
47. Nf6 Rd8 48. Ng4 Kc5 49. Ne5 f6 50. Ng4 Rd6 51. Kc2 Nf5 52. Nf2 Rd8 53. Ne4+
Kc6 54. Nxf6 Rh8 55. Rd3 Ne7 56. Re3 Kd6 57. Ng4 Rf8 58. Rf3 Ng6 59. Ne3 Rxf4
60. Rxf4 Nxf4 61. h4 Ke5 62. b4 Kf6 63. a4 Kg6 64. b5 Kh5 65. a5 Ne6 66. Nxd5
Kxh4 67. b6 axb6 68. a6 1-0

[Event "Moscow Open F Women"]
[Site "Moscow RUS"]
[Date "2011.02.04"]
[Round "7.33"]
[White "Pershina, Elena"]
[Black "Maidanova, Irina"]
[Result "0-1"]
[WhiteElo "2053"]
[BlackElo "1871"]
[WhiteFideId "24147516"]
[BlackFideId "24126624"]
[EventDate "2011.01.29"]

1. c4 e6 2. Nc3 Nf6 3. e4 c5 4. e5 Ng8 5. Nf3 d6 6. exd6 Bxd6 7. d4 cxd4 8. Qxd4
Nf6 9. Bg5 Nc6 10. Qh4 Be7 11. Be2 h6 12. O-O O-O 13. Bd2 Nd5 14. Qh5 Nf6 15.
Qb5 a6 16. Qb3 e5 17. Rad1 Na5 18. Qc2 Qc7 19. b3 Be6 20. Ne4 Nc6 21. Bc3 Rfd8
22. h3 Rd7 23. Nxf6+ Bxf6 24. Rxd7 Qxd7 25. Rd1 Nd4 26. Qb2 Rd8 27. Re1 Bf5 28.
Bd1 e4 29. Nd2 Qc6 30. Nf1 Be6 31. Ne3 b5 32. Bg4 b4 33. Bxd4 Bxd4 34. Qc2 Bxe3
35. Rxe3 f5 36. Bh5 Rd4 37. Rg3 f4 38. Rg6 Qd7 39. Qb2 Bf7 40. Bg4 Qd8 41. Rxa6
h5 42. Be6 f3 43. Bxf7+ Kxf7 44. Ra7+ Kf8 45. g3 e3 46. fxe3 Rd1+ 47. Kf2 Rd2+
48. Qxd2 Qxd2+ 49. Kxf3 Qd1+ 50. Kf2 Qh1 51. h4 Qh2+ 52. Kf3 Qg1 53. Ra4 Qf1+
54. Ke4 Qe1 55. Kf3 Qh1+ 56. Kf2 Qd1 57. Ra7 Qc2+ 58. Kf3 Qf5+ 59. Ke2 Kg8 60.
Ra4 Qc2+ 61. Kf3 Qd1+ 62. Kf2 Kf7 63. Ra6 Qh1 64. Ra4 Qb7 65. Ra5 g6 66. Rb5 Qe7
67. Ra5 Kf6 68. Rb5 Qd6 69. Ra5 Qd2+ 70. Kf3 Qc2 71. Rb5 Qxa2 72. Rxb4 Qa8+ 73.
Kf2 Ke5 74. Rb5+ Ke4 75. Rb6 Qf8+ 76. Kg1 Qf5 77. Rb5 Qf3 78. Rg5 Qxe3+ 79. Kg2
Qe2+ 80. Kh3 Kf3 0-1

[Event "Moscow Open F Women"]
[Site "Moscow RUS"]
[Date "2011.02.04"]
[Round "7.34"]
[White "Sviridova, Vlada"]
[Black "Vasenina, Anna"]
[Result "0-1"]
[BlackTitle "WFM"]
[WhiteElo "2052"]
[BlackElo "1857"]
[WhiteFideId "24109606"]
[BlackFideId "4177207"]
[EventDate "2011.01.29"]

1. Nf3 d5 2. d4 Nf6 3. c4 e6 4. e3 Be7 5. Nbd2 O-O 6. g3 b6 7. Bg2 Bb7 8. O-O c5
9. b3 Nc6 10. Bb2 Rc8 11. dxc5 bxc5 12. cxd5 exd5 13. Ne5 Nxe5 14. Bxe5 Qd7 15.
Rc1 Qf5 16. Bb2 Rfd8 17. Qf3 Qe6 18. Rfd1 Ba8 19. Qf4 Nh5 20. Qe5 Qxe5 21. Bxe5
Nf6 22. Nb1 Nd7 23. Bc3 Nb6 24. Ba5 Bf6 25. Bh3 Rc6 26. Nc3 c4 27. b4 Bxc3 28.
Rxc3 Rb8 29. Bg2 Rd6 30. Bxb6 Rbxb6 31. a3 f5 32. Rd4 Kf7 33. h3 Ke6 34. g4 g6
35. Kh2 Rd7 36. Kg3 Bc6 37. Bf3 Rdb7 38. Bd1 a5 39. bxa5 Ra6 40. Bc2 Rxa5 41.
gxf5+ gxf5 42. Kf4 Rf7 43. Rd1 Raa7 44. Rb1 Rab7 45. Rb4 Kd6 46. Bb1 Kc5 47.
Rxb7 Bxb7 48. Ba2 Bc8 49. Kg5 Be6 50. h4 f4 51. h5 fxe3 52. fxe3 Rf1 53. Rc2 Bf5
54. Rh2 Be4 55. Kh6 Re1 56. Rb2 c3 57. Rb8 c2 58. Rc8+ Kd6 59. Bxd5 Kxd5 60.
Rd8+ Kc6 61. Rd4 c1=Q 62. Rxe4 Rxe3 63. Rxe3 Qxe3+ 64. Kxh7 Qg5 65. h6 Kd6 66.
Kh8 Qxh6+ 0-1

[Event "Moscow Open F Women"]
[Site "Moscow RUS"]
[Date "2011.02.04"]
[Round "7.35"]
[White "Rodionova, Daria"]
[Black "Matsenko, Elena"]
[Result "1-0"]
[BlackTitle "WFM"]
[WhiteElo "1856"]
[BlackElo "2039"]
[WhiteFideId "24136638"]
[BlackFideId "4172892"]
[EventDate "2011.01.29"]

1. e4 c5 2. Nf3 Nc6 3. c4 e5 4. g3 g6 5. Bg2 Bg7 6. Nc3 Nge7 7. d3 d6 8. O-O O-O
9. Nd5 h6 10. a3 Kh7 11. Bd2 f5 12. b4 Nxd5 13. cxd5 Ne7 14. bxc5 dxc5 15. Bc3
Qd6 16. Qb3 b6 17. Qb2 Ba6 18. Nxe5 fxe4 19. Bxe4 Nxd5 20. f4 Nxc3 21. Qxc3 Rad8
22. Rae1 Bxe5 23. fxe5 Qe7 24. Rf6 Rg8 25. Ref1 Rg7 26. e6 Rd4 27. Bxg6+ Kh8 28.
Bf7 Bxd3 29. Rxh6+ Rh7 30. Rxh7+ Kxh7 31. Rf4 Rxf4 32. Qxd3+ Kg7 33. Qg6+ 1-0

[Event "Moscow Open F Women"]
[Site "Moscow RUS"]
[Date "2011.02.04"]
[Round "7.36"]
[White "Egorova, Ayyyna"]
[Black "Avdeyeva, Viktoriya"]
[Result "0-1"]
[WhiteTitle "WCM"]
[WhiteElo "1847"]
[BlackElo "2020"]
[WhiteFideId "24136611"]
[BlackFideId "13403389"]
[EventDate "2011.01.29"]

1. c4 e5 2. Nc3 Nf6 3. d3 d5 4. cxd5 Nxd5 5. Nf3 Nc6 6. g3 Be6 7. Bg2 f6 8. O-O
Qd7 9. Bd2 h5 10. Nh4 Nxc3 11. bxc3 g5 12. Ng6 Rg8 13. Nxf8 Rxf8 14. Rb1 Nd8 15.
a4 h4 16. a5 Bd5 17. Bxd5 Qxd5 18. Qa4+ c6 19. c4 Qd7 20. Kg2 Rh8 21. Rh1 h3+
22. Kg1 Qg4 23. Kf1 Rc8 24. a6 b6 25. Be3 Qd7 26. f3 Ne6 27. Kf2 Nd4 28. Rhd1
Kf7 29. Qa2 c5 30. Qd2 Ne6 31. Ra1 Rhg8 32. Rdb1 f5 33. Qc3 f4 34. Bc1 Rce8 35.
g4 Qd4+ 36. Qxd4 exd4 37. Ba3 Nd8 38. Bxc5 bxc5 39. Ra5 Re5 40. Rbb5 Rge8 41.
Ra2 Nc6 42. Rab2 Nb4 43. Rb7+ R8e7 44. Rb8 Nxa6 45. Rh8 Nb4 46. Rxh3 Kg6 47. Rh8
Rh7 0-1

[Event "Moscow Open F Women"]
[Site "Moscow RUS"]
[Date "2011.02.04"]
[Round "7.39"]
[White "Sazonova, Anastasia"]
[Black "Trotsenko, Evgenia"]
[Result "1/2-1/2"]
[BlackTitle "WFM"]
[WhiteElo "1886"]
[BlackElo "2001"]
[WhiteFideId "24131008"]
[BlackFideId "4149289"]
[EventDate "2011.01.29"]

1. e4 e6 2. Nf3 d5 3. Nc3 Nf6 4. e5 Nfd7 5. d4 c5 6. dxc5 Bxc5 7. Bd3 Nc6 8. Bf4
Nd4 9. O-O Nxf3+ 10. Qxf3 Be7 11. Rfe1 Nc5 12. Bf1 O-O 13. Qg3 Re8 14. Be3 Nd7
15. Rad1 a6 16. Bd3 g6 17. Ne2 Qc7 18. f4 Nc5 19. Nd4 Nxd3 20. cxd3 Bd7 21. Rc1
Qd8 22. Nf3 Rc8 23. Rxc8 Qxc8 24. Rc1 Qd8 25. Qf2 Bc6 26. Bb6 Qd7 27. Bc5 Bxc5
28. Rxc5 Kg7 29. Nd4 Qc7 30. Nxc6 bxc6 31. Qc2 Qb6 32. d4 Rb8 33. b3 Qb4 34. Qc3
Qxc3 35. Rxc3 Rb6 36. Kf2 Kf8 37. Ke3 Ke7 38. Rc5 Kd7 39. Kd3 h6 40. g4 Rb5 41.
Rxb5 cxb5 42. b4 Ke7 43. h4 f5 1/2-1/2

[Event "Moscow Open F Women"]
[Site "Moscow RUS"]
[Date "2011.02.04"]
[Round "7.42"]
[White "Chadaeva, Tatiana"]
[Black "Sysoykina, Lidia"]
[Result "0-1"]
[WhiteElo "1835"]
[BlackElo "1943"]
[WhiteFideId "24152757"]
[BlackFideId "4165080"]
[EventDate "2011.01.29"]

1. e4 e5 2. Nf3 Nc6 3. Bb5 g6 4. O-O Bg7 5. c3 a6 6. Bc4 Nge7 7. d4 d6 8. Bb3
O-O 9. dxe5 Nxe5 10. Nxe5 dxe5 11. Qe2 c5 12. Rd1 Qc7 13. Bd5 Bd7 14. c4 Rab8
15. Be3 Kh8 16. Nc3 f5 17. f3 f4 18. Bf2 g5 19. g4 fxg3 20. hxg3 Rf6 21. Be3 Bh6
22. Qh2 Qb6 23. Rf1 Rbf8 24. Qe2 Be8 25. Kg2 Bh5 26. g4 Be8 27. Qd2 Ng6 28. Kg3
Nh4 29. Bxg5 Nxf3 30. Bxf6+ Qxf6 31. g5 Bxg5 32. Qd1 Qf4+ 33. Kf2 Nh4+ 0-1

[Event "Moscow Open F Women"]
[Site "Moscow RUS"]
[Date "2011.02.04"]
[Round "7.45"]
[White "Morozova, Ulia"]
[Black "Kalashnikova, Larisa"]
[Result "1-0"]
[BlackTitle "WFM"]
[WhiteElo "1724"]
[BlackElo "1971"]
[WhiteFideId "24159310"]
[BlackFideId "4110986"]
[EventDate "2011.01.29"]

1. e4 e6 2. d4 d5 3. exd5 exd5 4. Nf3 Bd6 5. Bd3 Qe7+ 6. Be2 Nf6 7. O-O O-O 8.
c4 c6 9. Nc3 Bf5 10. Bg5 dxc4 11. Bxc4 h6 12. Re1 Qd8 13. Bh4 Nbd7 14. Ne2 Qb6
15. Bb3 Rfe8 16. h3 Nd5 17. Bg3 Bb4 18. Rf1 N7f6 19. a3 Be7 20. Ne5 Rac8 21. Nf4
Qd8 22. Rc1 Qa5 23. Re1 Qd8 24. Bc2 Bxc2 25. Rxc2 Nxf4 26. Bxf4 Nd5 27. Bg3 Bf6
28. Rce2 Bxe5 29. dxe5 Re6 30. f4 Rg6 31. Qd3 Qb6+ 32. Kh2 Re6 33. f5 Ree8 34.
Bf2 Qc7 35. Qg3 a6 36. Bc5 Qd8 37. Re4 Ne7 38. Bxe7 Qxe7 39. f6 Qf8 40. Rg4 g6
41. e6 Kh7 42. e7 Qh8 43. Rf1 c5 44. Qb3 Qg8 45. Qxb7 Rb8 46. Qxa6 Rxb2 47. Rd1
Qh8 48. Rf4 Qg8 49. Qc4 g5 50. Rf3 Qg6 51. Rd8 Rb8 52. Rxe8 Rxe8 53. Qxc5 Kh8
54. Qf5 Qg8 55. h4 gxh4 56. Rh3 Qg5 57. Qxg5 hxg5 58. Rf3 Kh7 59. a4 Kg6 60. a5
Ra8 61. a6 g4 62. Re3 Re8 63. a7 Kxf6 64. a8=Q Rxa8 65. e8=Q Rxe8 66. Rxe8 Kf5
67. Rh8 Kg5 68. Kg1 f5 69. Kf2 Kf4 70. Rxh4 Kg5 71. Rh8 Kf4 72. g3+ Ke4 73. Ra8
Kd4 74. Ra4+ Ke5 75. Rf4 Ke6 76. Ke3 Ke5 77. Kd3 Ke6 78. Kd4 Kf6 79. Kd5 Kg5 80.
Ke5 1-0

[Event "Moscow Open F Women"]
[Site "Moscow RUS"]
[Date "2011.02.04"]
[Round "7.46"]
[White "Anu, Bayar"]
[Black "Burmistrova, Alena"]
[Result "1-0"]
[WhiteElo "1957"]
[BlackElo "1720"]
[WhiteFideId "4901339"]
[BlackFideId "24160415"]
[EventDate "2011.01.29"]

1. d4 f5 2. Nf3 Nf6 3. g3 g6 4. c3 Bg7 5. Qb3 e6 6. Bg2 O-O 7. Ne5 Nc6 8. Nd3 d6
9. O-O Kh8 10. Nd2 Qe8 11. Nc4 Rb8 12. a4 b6 13. a5 Bb7 14. axb6 axb6 15. Bf4
Qd7 16. Qc2 Nh5 17. b4 Nxf4 18. Nxf4 e5 19. dxe5 Nxe5 20. Bxb7 Rxb7 21. Ne3 Rbb8
22. Nfd5 c6 23. Nf4 Ra8 24. Nh3 Qe6 25. Ng5 Qf6 26. f4 d5 27. Qb3 h6 28. Nh3 Ng4
29. Nxg4 fxg4 30. Nf2 Qxc3 31. Qxc3 Bxc3 32. Rac1 Ra3 33. Nxg4 Kg7 34. Rf3 Bd4+
35. Kg2 Rxf3 36. Kxf3 h5 37. Nf2 Re8 38. Nd1 Re6 39. h3 Kf7 40. e3 Bg7 41. Nf2
Bb2 42. Rc2 Ba3 43. Nd3 c5 44. bxc5 Bxc5 45. Nxc5 Rc6 46. e4 d4 47. e5 bxc5 48.
Ke4 Ke6 49. g4 hxg4 50. hxg4 Rc8 51. f5+ gxf5+ 52. gxf5+ Ke7 53. Rh2 Rf8 54. Ra2
Rb8 55. f6+ Ke8 56. e6 Rc8 57. Rh2 Kd8 58. Rh8+ Kc7 59. Rxc8+ Kxc8 60. f7 1-0

[Event "Moscow Open F Women"]
[Site "Moscow RUS"]
[Date "2011.02.04"]
[Round "7.47"]
[White "Lisachenko, Natalia"]
[Black "Turygina, Irina"]
[Result "0-1"]
[WhiteElo "1903"]
[BlackElo "1650"]
[WhiteFideId "4174151"]
[BlackFideId "24110973"]
[EventDate "2011.01.29"]

1. d4 Nf6 2. c4 e6 3. Nc3 Bb4 4. Qc2 c5 5. dxc5 Bxc5 6. Nf3 Nc6 7. a3 a5 8. Bg5
Be7 9. e3 O-O 10. Bd3 h6 11. Bh4 d5 12. Rd1 Kh8 13. O-O d4 14. Be2 e5 15. exd4
exd4 16. Nb5 Bc5 17. h3 Be6 18. Bg3 Ne8 19. Rfe1 Qb6 20. Bd3 Rd8 21. Ne5 Nxe5
22. Bxe5 f6 23. Bg3 Bf7 24. Qe2 Nd6 25. Nxd6 Bxd6 26. Qe4 g6 27. Qe2 Bxg3 28.
fxg3 Rfe8 29. Qc2 Kg7 30. c5 Qc7 31. Kf2 Re3 32. g4 Qg3+ 33. Kf1 Rde8 34. Rxe3
Rxe3 35. b4 a4 36. Qb1 Bd5 37. Rd2 Qh2 38. Re2 Qh1+ 39. Kf2 Qxg2+ 40. Ke1 Rxe2+
41. Bxe2 Qg1+ 42. Bf1 Bc4 0-1

[Event "Moscow Open F Women"]
[Site "Moscow RUS"]
[Date "2011.02.04"]
[Round "7.48"]
[White "Semenova, Anastasia"]
[Black "Saikhanzaya, Ganbaatar"]
[Result "0-1"]
[WhiteElo "1870"]
[BlackElo "1704"]
[WhiteFideId "4109511"]
[BlackFideId "4900030"]
[EventDate "2011.01.29"]

1. e4 e6 2. d4 d5 3. exd5 exd5 4. Nf3 Nc6 5. c3 Bd6 6. Bd3 Bg4 7. h3 Bh5 8. O-O
Nge7 9. Be3 Qd7 10. Nbd2 f5 11. Bg5 h6 12. Bxe7 Nxe7 13. Ne5 Bxd1 14. Nxd7 Kxd7
15. Raxd1 g5 16. Nf3 Rhf8 17. Rde1 Ng6 18. Ne5+ Bxe5 19. dxe5 Rae8 20. Bc2 Rxe5
21. Rxe5 Nxe5 22. f4 Nc4 23. fxg5 hxg5 24. Bxf5+ Kd6 25. Rf2 Ne3 26. Bb1 Rxf2
27. Kxf2 Nd1+ 28. Kg3 Ke5 29. h4 gxh4+ 30. Kxh4 Kf6 31. Kh5 Kg7 32. Bc2 Nxb2 33.
Bb3 c6 34. Kg5 Nc4 35. Kf4 b5 36. g3 a5 0-1

[Event "Moscow Open F Women"]
[Site "Moscow RUS"]
[Date "2011.02.04"]
[Round "7.50"]
[White "Loginova, Tatiana"]
[Black "Ivanova, Karina"]
[Result "0-1"]
[WhiteElo "1599"]
[BlackElo "1865"]
[WhiteFideId "24174700"]
[BlackFideId "24139750"]
[EventDate "2011.01.29"]

1. e4 c6 2. d4 d5 3. exd5 cxd5 4. c4 Nf6 5. Nc3 e6 6. Nf3 Bb4 7. Bd2 Nc6 8. c5
O-O 9. Bd3 b6 10. a3 Bxc3 11. Bxc3 bxc5 12. dxc5 Qe7 13. b4 a6 14. Qc2 h6 15.
O-O Bb7 16. Rfe1 Rfd8 17. Qb2 Rd7 18. Nh4 Qd8 19. Nf3 d4 20. Bd2 Qc7 21. Bc1 Ng4
22. h3 Nge5 23. Be4 Nxf3+ 24. Bxf3 Rad8 25. Bd2 Qb8 26. a4 Ne5 27. Bxb7 Rxb7 28.
Qc2 Nc6 29. Qc4 Nxb4 30. Bxb4 Rxb4 31. Qxa6 Qc7 32. Rac1 Rd5 33. c6 Rb6 34. Qa8+
Rb8 35. Qa6 d3 36. Red1 d2 37. Rc2 Rd6 38. Rcxd2 Rxd2 39. Rxd2 Rb1+ 40. Qf1
Rxf1+ 41. Kxf1 Qxc6 42. Rd4 e5 43. Rg4 f5 44. Rb4 Qa6+ 45. Kg1 Qa5 46. Rb8+ Kh7
47. Rf8 f4 48. Kh2 Qxa4 49. Rf5 Qd4 50. Kg1 Kg6 51. Rf8 Qe4 52. f3 Qe3+ 53. Kh2
Qe1 54. Re8 Kf7 55. Ra8 e4 56. Ra7+ Kg6 57. fxe4 Qxe4 58. Ra3 Qe5 59. Rf3 Kh5
60. Kh1 Kh4 61. Kh2 g6 62. Kh1 Qe4 63. Kh2 g5 64. Kh1 Qxf3 65. gxf3 Kg3 66. Kg1
Kxf3 67. Kh2 Kf2 68. h4 gxh4 69. Kh3 Ke3 70. Kxh4 f3 71. Kh5 f2 72. Kxh6 f1=Q
73. Kh5 Qg2 74. Kh6 Qg8 75. Kh5 Kf4 76. Kh6 Kf5 77. Kh5 Qg5# 0-1

[Event "Moscow Open F Women"]
[Site "Moscow RUS"]
[Date "2011.02.04"]
[Round "7.54"]
[White "Anfinogenova, Anastasiya"]
[Black "Kiparenko, Galina"]
[Result "1-0"]
[BlackTitle "WFM"]
[WhiteElo "1708"]
[BlackElo "2079"]
[WhiteFideId "24123030"]
[BlackFideId "4143884"]
[EventDate "2011.01.29"]

1. e4 c5 2. Nf3 Nc6 3. d4 cxd4 4. Nxd4 Qa5+ 5. Nc3 g6 6. Nb3 Qd8 7. Be3 Bg7 8.
Qd2 a6 9. Nd4 Qc7 10. Be2 e6 11. h4 b5 12. a3 Nge7 13. h5 h6 14. f4 Bb7 15. hxg6
fxg6 16. g4 e5 17. Ndxb5 axb5 18. Nxb5 Qb8 19. Nd6+ Kf8 20. fxe5 Nxe5 21. Rf1+
Kg8 22. Bf4 N7c6 23. Qd5+ Kh7 24. Nxb7 Qxb7 25. Bxe5 Bxe5 26. Rf7+ Bg7 27. Bc4
Qxb2 28. Rd1 Qc3+ 29. Ke2 Ne5 30. Rd3 Qxc4 31. Rxg7+ Kxg7 32. Qxe5+ Kf7 33. Kd1
Qe6 34. Rf3+ Kg8 35. Qd4 Qxg4 36. Qd5+ Qe6 37. Qxa8+ Kg7 38. Qb7 Re8 39. Rd3 Re7
40. Qb2+ Kh7 41. Qd4 Qg4+ 42. Kd2 Qf4+ 43. Qe3 Qh2+ 44. Kc3 Qc7+ 45. Kd2 Qa5+
46. Kd1 Qe5 47. Kd2 h5 48. Rd5 Qh2+ 49. Kd3 Qg2 50. a4 h4 51. Rg5 Qf1+ 52. Kd4
Qa6 53. a5 Qa7+ 54. Kd3 Qxe3+ 55. Kxe3 Kh6 56. Rg1 Kh5 57. Ra1 d5 58. e5 Rxe5+
59. Kd4 Re2 60. a6 Re8 61. a7 Ra8 62. Kxd5 h3 63. Kc6 h2 64. Kb7 Rf8 65. a8=Q
Rxa8 66. Kxa8 Kh4 67. c4 g5 68. c5 g4 69. c6 g3 70. c7 1-0

[Event "Moscow Open F Women"]
[Site "Moscow RUS"]
[Date "2011.02.04"]
[Round "7.56"]
[White "Shmyreva, Tatiana"]
[Black "Terentieva, Alena"]
[Result "0-1"]
[WhiteElo "1806"]
[BlackElo "1700"]
[WhiteFideId "24152803"]
[BlackFideId "24141291"]
[EventDate "2011.01.29"]

1. d4 Nf6 2. c4 e6 3. Nc3 Bb4 4. a3 Bxc3+ 5. bxc3 c5 6. Bg5 Qa5 7. Bd2 Ne4 8.
Qc2 d5 9. f3 Nxd2 10. Qxd2 O-O 11. e3 cxd4 12. exd4 Nc6 13. f4 b6 14. Bd3 Ba6
15. cxd5 exd5 16. Ne2 Rfe8 17. O-O Rac8 18. f5 Bxd3 19. Qxd3 Nb8 20. f6 g6 21.
Qd2 Nd7 22. Qh6 Nxf6 23. Rxf6 Rxe2 24. Rxf7 Kxf7 25. Qxh7+ Ke8 26. Qxg6+ Kd7 27.
Qg4+ Re6 28. Qg7+ Kc6 29. Rf1 Qxc3 30. Qg4 Rce8 31. Qd1 Re1 32. Qa4+ Kd6 33.
Qb4+ Qxb4 34. axb4 Rxf1+ 35. Kxf1 a5 36. bxa5 bxa5 37. g4 a4 38. g5 a3 39. h4 a2 0-1

[Event "Moscow Open F Women"]
[Site "Moscow RUS"]
[Date "2011.02.04"]
[Round "7.58"]
[White "Sotiriadou, Ioanna"]
[Black "Afanasieva, Elena"]
[Result "1-0"]
[WhiteElo "1607"]
[BlackElo "1592"]
[WhiteFideId "4222997"]
[BlackFideId "4170580"]
[EventDate "2011.01.29"]

1. Nf3 Nc6 2. d4 d5 3. e3 Bg4 4. Be2 Nf6 5. Nbd2 e6 6. O-O Bd6 7. h3 Bh5 8. c4
O-O 9. b3 Nd7 10. Nh2 Bg6 11. a3 a5 12. f4 f5 13. Bh5 Rf6 14. Bxg6 Rxg6 15. Qf3
dxc4 16. bxc4 Bf8 17. Rb1 Qc8 18. Kh1 Nb6 19. g4 fxg4 20. Nxg4 Qd8 21. f5 exf5
22. Qxf5 Qg5 23. Qf7+ Kh8 24. Qxf8+ 1-0

[Event "Moscow Open F Women"]
[Site "Moscow RUS"]
[Date "2011.02.04"]
[Round "7.59"]
[White "Stanetskaya, Galina"]
[Black "Vasiukova, Renata D."]
[Result "1-0"]
[WhiteElo "1531"]
[BlackElo "1600"]
[WhiteFideId "24156957"]
[BlackFideId "4106067"]
[EventDate "2011.01.29"]

1. e4 c6 2. Nc3 g5 3. d4 h6 4. f4 gxf4 5. Bxf4 d6 6. Nf3 Bg4 7. h3 Bxf3 8. Qxf3
Bg7 9. e5 Nd7 10. e6 Ndf6 11. Bd3 fxe6 12. Bg6+ Kd7 13. Qe2 a6 14. Bf7 Kc7 15.
Qxe6 Qd7 16. Qb3 Qf5 17. g3 Ne4 18. Be6 Qg6 19. Bf7 Qf6 20. Nxe4 Qxd4 21. Nc3
Nf6 22. Rd1 Qb6 23. Qe6 Rac8 24. Qxe7+ Kb8 25. Bxd6+ Ka8 26. Bc5 Qc7 27. Qxc7
Rxc7 28. Bg6 Rd7 29. O-O Nd5 30. Nxd5 cxd5 31. Be4 Rhd8 32. Bf3 d4 33. Bb6 Rc8
34. Bg4 Rxc2 35. Bxd7 Rxb2 36. Bxd4 Bxd4+ 37. Rxd4 1-0

[Event "Moscow Open F Women"]
[Site "Moscow RUS"]
[Date "2011.02.04"]
[Round "7.60"]
[White "Artemenko, Rimma"]
[Black "Cherniavskaya, Klara"]
[Result "1-0"]
[WhiteElo "1566"]
[BlackElo "1645"]
[WhiteFideId "4194799"]
[BlackFideId "4194462"]
[EventDate "2011.01.29"]

1. d4 Nf6 2. Nf3 d5 3. Bf4 e6 4. Nbd2 Nc6 5. c3 Bd6 6. Bg3 Bxg3 7. hxg3 h6 8. e3
Qd6 9. Be2 Bd7 10. Ng5 Qf8 11. Nh3 O-O-O 12. Nf4 g5 13. Nh5 Nxh5 14. Bxh5 Ne7
15. Qf3 Ng6 16. Qf6 Qg8 17. Nf3 Be8 18. O-O-O Rd6 19. Rde1 e5 20. Qf5+ Bd7 21.
Qc2 e4 22. Bxg6 Qxg6 23. Ne5 Qg7 24. Nxd7 Rxd7 25. g4 Qg6 26. f3 f5 27. gxf5
Qxf5 28. fxe4 dxe4 29. Ref1 Qg4 30. Rf6 h5 31. Rhf1 Qg3 32. Qf2 Qxf2 33. R1xf2
g4 34. g3 Rg7 35. R6f4 Re7 36. Kd2 c6 37. a4 a5 38. Rh2 Kd7 39. Rxg4 hxg4 40.
Rxh8 Rg7 41. Rf8 Kd6 42. c4 b6 43. Rf4 c5 44. Rxe4 cxd4 45. exd4 Rg5 46. Kd3 Rf5
47. Rf4 Ke6 48. Ke4 Rg5 49. b3 Ke7 50. Rf5 Rg6 51. d5 Kd6 52. Kd4 Rh6 53. Rg5
Rf6 54. Rg7 Rf3 55. Rg6+ Kc7 56. Rc6+ Kb7 57. c5 bxc5+ 58. Rxc5 Rxg3 59. Rxa5
Rxb3 60. Rb5+ 1-0

[Event "Moscow Open F Women"]
[Site "Moscow RUS"]
[Date "2011.02.05"]
[Round "8.1"]
[White "Mirzoeva, Elmira"]
[Black "Charochkina, Daria"]
[Result "1/2-1/2"]
[WhiteTitle "WGM"]
[BlackTitle "WIM"]
[WhiteElo "2216"]
[BlackElo "2314"]
[WhiteFideId "4127951"]
[BlackFideId "4180917"]
[EventDate "2011.01.29"]

1. d4 d5 2. Nf3 c6 3. c4 e6 4. cxd5 exd5 5. Nc3 Nf6 6. Bg5 Na6 7. e3 Nc7 8. Qc2
Ne6 9. Bh4 Be7 10. Bd3 g6 11. Bxf6 Bxf6 12. h4 Ng7 13. g3 Bg4 14. Nh2 Be6 15.
Ne2 Rc8 16. O-O O-O 17. Nf4 Qe7 18. Rac1 b6 19. Nf3 c5 20. Ba6 Rc7 21. dxc5 bxc5
22. Rfd1 Rd8 23. Rd2 c4 24. Nd4 Bxd4 25. Rxd4 Nf5 26. Rd2 Rd6 27. Qa4 Rcc6 28.
Bb5 Rb6 29. Qa5 Qb7 30. Ba4 Ra6 31. Qb5 Qxb5 32. Bxb5 Rxa2 33. Nxe6 fxe6 34. e4
dxe4 35. Bxc4 Rxd2 36. Bxe6+ Kg7 37. Rc7+ Kf6 38. Bxa2 Rxb2 39. Rxa7 e3 40. fxe3
Nxg3 41. Bg8 h5 42. Rf7+ Ke5 43. Bh7 Rb6 44. Rg7 Kf5 45. Kg2 Ne4 46. Kf3 Nd2+
47. Ke2 Ne4 48. Kf3 1/2-1/2

[Event "Moscow Open F Women"]
[Site "Moscow RUS"]
[Date "2011.02.05"]
[Round "8.2"]
[White "Pourkashiyan, Atousa"]
[Black "Turova, Irina"]
[Result "1/2-1/2"]
[WhiteTitle "WGM"]
[BlackTitle "IM"]
[WhiteElo "2397"]
[BlackElo "2434"]
[WhiteFideId "12502014"]
[BlackFideId "4120876"]
[EventDate "2011.01.29"]

1. e4 e5 2. Nf3 Nc6 3. Bb5 a6 4. Ba4 Nf6 5. O-O Be7 6. Re1 b5 7. Bb3 d6 8. c3
O-O 9. h3 Nb8 10. d4 Nbd7 11. Nbd2 Bb7 12. Bc2 Re8 13. Nf1 Bf8 14. Ng3 g6 15. a4
c6 16. Bd3 Bg7 17. b3 Qc7 18. Bb2 Nf8 19. axb5 cxb5 20. c4 bxc4 21. Bxc4 exd4
22. Bxd4 Ne6 23. Bb2 Nxe4 24. Bxg7 Nxg7 25. Nxe4 Rxe4 26. Rxe4 Bxe4 27. Ng5 d5 1/2-1/2